000 00928nam a2200205 i 4500
001 67909
003 ES-MaACL
005 20250626063141.0
007 t|
008 040216s1786 sp ||||1| spa d
080 _a616-007
100 1 _aGalli i Camps, Lleonard,
_d1751-1830
_953614
245 1 0 _aObservación de una niña que nació viva sin cerebro, cerebelo, y médula oblongada
_b: illustrada con una memoria sobre los principios de la criminalidad, en la cual se dan varias razones de la posibilidad de este y otros fenomenos de la máquina animal /
_cpor el licenciado Don Leonardo Galli...
260 _aBarcelona :
_bpor Raymundo Martí,
_c[1786]
300 _a[20], 100 p. ;
_c20 cm.
500 _aFecha tomada de la Licencia (p. 100)
650 1 4 _aMalformaciones congénitas-
_vObras anteriores a 1800.
_914743
852 _aES-MaACL
_jR-3430(5)
999 _c67909
_d67909